| 000 | 00911nam a2200277 a 4500 | ||
|---|---|---|---|
| 001 | BRCA_3547 | ||
| 005 | 20190320204329.0 | ||
| 008 | 300709s1961----mx-a---###---#000-0#spa-# | ||
| 041 | _aspa | ||
| 044 | _amx | ||
| 050 | 4 |
_aDK41 _b.R88 1961 |
|
| 100 | 1 |
_aRutych, Nicolas _99200 |
|
| 245 | 1 | 0 |
_aEl partido comunista ruso en el poder 1917-1960 _cNicolas Rutych ; prólogo de Michel Garder ; traducción de Efraín González L. Morfín. |
| 260 |
_aMéxico _bJus _c1961 |
||
| 300 |
_a422 p. _bil. _c24 cm. |
||
| 440 | 0 |
_aForjadores de la historia _v2 _99201 |
|
| 500 | _aB215 | ||
| 650 | 1 | 4 |
_aComunismo _99202 |
| 651 | 4 |
_aRusia _xCondiciones sociales _y1917- _99203 |
|
| 651 | 4 |
_aRusia _xHistoria _yRevolución, 1917- _99204 |
|
| 651 | 4 |
_aRusia _xPolítica y gobierno _y1917- _99205 |
|
| 700 | 1 |
_aGarder, Michel _epról _99206 |
|
| 700 | 1 |
_aGonzález L. Morfín, Efraín _etr _99207 |
|
| 902 | _aGFM | ||
| 942 |
_2lcc _cB |
||
| 999 |
_c3282 _d3282 |
||